| 000 | 00348 a2200157 4500 | ||
|---|---|---|---|
| 001 | 179828 | ||
| 020 | _a | ||
| 040 | _cMagnum | ||
| 100 | _aFaria, Ana Lucia G. de | ||
| 240 | 1 | 0 |
_aIdeologia no livro didatico _lpor |
| 245 | 1 | 0 | _aIdeologia no livro didatico |
| 362 | 0 | _a1899 | |
| 440 | 1 | _aCortez | |
| 697 | _aMAGNITO: SOCIOLOGIA | ||
| 942 | _cBK | ||
| 999 |
_c179828 _d179828 |
||